000 00751nam a22001817a 4500
005 20240320111312.0
010 _aHIN-127131
020 _a9789392228711
_c400.00
035 _aHN-99477
037 _bDBAD/PUB
082 _a820.08
100 _aवर्मा अजय
_963603
245 _aरामविलास शर्म/
_cअजय वर्मा द्वारा लिखित
260 _aपटपड़गंज
_bसेतु प्रकाशन प्रा. लि.
270 _a305, प्रियदर्शिनी अपार्टमेंट
_bदिल्ली
_e201301
300 _a160पृष्ठ;
_c21सेमी(सजिल्द)
942 _2ddc
_cHN
_h820.08
_mवर्माअ
999 _c201615
_d201615